Handbook of milk microbiology / (Record no. 134183)

MARC details
000 -LEADER
fixed length control field 00724nam a22002297a 4500
005 - DATE AND TIME OF LATEST TRANSACTION
control field 20170124110222.0
010 ## - LIBRARY OF CONGRESS CONTROL NUMBER
LC control number B-107072
020 ## - INTERNATIONAL STANDARD BOOK NUMBER
Terms of availability 395.00
International Standard Book Number 8170352657
035 ## - SYSTEM CONTROL NUMBER
System control number B-107072
037 ## - SOURCE OF ACQUISITION
Source of stock number/acquisition Cen Lib/Ret
040 ## - CATALOGING SOURCE
Original cataloging agency DPL
Language of cataloging EN
082 ## - DEWEY DECIMAL CLASSIFICATION NUMBER
Classification number 576.163
Item number SRI
100 ## - MAIN ENTRY--PERSONAL NAME
Personal name Srivastava, Manish L.
9 (RLIN) 40016
245 ## - TITLE STATEMENT
Title Handbook of milk microbiology /
Statement of responsibility, etc by Manish L. Srivastava
260 ## - PUBLICATION, DISTRIBUTION, ETC. (IMPRINT)
Place of publication, distribution, etc Delhi
Name of publisher, distributor, etc Daya Publishing House
Date of publication, distribution, etc 2002
270 ## - ADDRESS
City Delhi
Address 1123/74, Deva Ram Park, Tri Nagar
Postal code 110035
300 ## - PHYSICAL DESCRIPTION
Extent viii,216p.
Dimensions 22cm(Hb)
500 ## - GENERAL NOTE
General note Includes bibliographical references<br/>
650 ## - SUBJECT ADDED ENTRY--TOPICAL TERM
Topical term or geographic name as entry element Milk -- Microbiology
9 (RLIN) 138786
650 ## - SUBJECT ADDED ENTRY--TOPICAL TERM
Topical term or geographic name as entry element Dairy microbiology
9 (RLIN) 40018
942 ## - ADDED ENTRY ELEMENTS (KOHA)
Source of classification or shelving scheme Dewey Decimal Classification
Koha item type English Books
Classification part 576.163
Call number suffix SRI
Holdings
Withdrawn status Lost status Damaged status Not for loan Collection code Home library Current library Date acquired Source of acquisition Cost, normal purchase price Total Checkouts Full call number Barcode Date last seen Copy number Cost, replacement price Price effective from Koha item type Total Renewals Date checked out
      Not For Loan Reference Central Library Central Library 29/07/2015 Cen Lib/Ret 395.00   576.163 SRI B-107072 29/07/2015 1 395.00 29/07/2015 English Books    
          Central Library Central Library 12/10/2015 Cen Lib/Ret 395.00 1 576.163 SRI B-107071 21/03/2022 2 395.00 15/09/2016 English Books 2 31/01/2022

© Delhi Public Library
Hit Counter
free hit counter